[Event "Steyr-ch U12"]
[Site "Soechau"]
[Date "2007.04.15"]
[Round "2"]
[White "Weyringer, Laura"]
[Black "Neuhold, Sarah"]
[Result "1-0"]
[WhiteElo "1272"]
[BlackElo "1200"]
[PlyCount "33"]
[EventDate "2007.04.14"]
[EventType "swiss"]
[EventRounds "9"]
[EventCountry "AUT"]
[SourceTitle "EXT 2010"]
[Source "ChessBase"]
[SourceDate "2010.11.25"]
[SourceVersion "1"]
[SourceVersionDate "2010.11.25"]
[SourceQuality "1"]

1. e4 e5 2. Nf3 Nc6 3. Bc4 Bc5 4. Nc3 Nf6 5. d3 0-0 6. Bg5 d6 7. Nd5 Bb4+ 8. c3 Bg4 9. Nxf6+ gxf6 10. Bh4 Bc5 11. 0-0 Ne7 12. Bxf6 Qd7 13. Qd2 d5 14. Nxe5 Qe6 15. Qg5+ Ng6 16. Nxg4 dxc4 17. Nh6# 1-0